Ways of reading : (Record no. 5945)

MARC details
000 -LEADER
fixed length control field 00923cam a22002652 4500
001 - CONTROL NUMBER
control field 0000002622
005 - DATE AND TIME OF LATEST TRANSACTION
control field 20151217151900.0
008 - FIXED-LENGTH DATA ELEMENTS--GENERAL INFORMATION
fixed length control field 070417s xx 000 0 eng d
020 ## - INTERNATIONAL STANDARD BOOK NUMBER
International Standard Book Number 031217893X :
040 ## - CATALOGING SOURCE
Original cataloging agency KABU
Transcribing agency KABU
050 #0 - LIBRARY OF CONGRESS CALL NUMBER
Classification number PE1417
Item number .B37 1999
100 1# - MAIN ENTRY--PERSONAL NAME
Personal name Bartholomae, David.
-- 0000152056
245 10 - TITLE STATEMENT
Title Ways of reading :
Remainder of title an anthology for writers /
Statement of responsibility, etc. David Bartolomae, Anthony Petrosky.
250 ## - EDITION STATEMENT
Edition statement 5th ed.
260 ## - PUBLICATION, DISTRIBUTION, ETC. (IMPRINT)
Place of publication, distribution, etc. Boston :
Name of publisher, distributor, etc. Bedford/St. Martin's,
Date of publication, distribution, etc. c1999.
300 ## - PHYSICAL DESCRIPTION
Extent xxi, 903 p. :
Other physical details ill. ;
Dimensions 24 cm.
504 ## - BIBLIOGRAPHY, ETC. NOTE
Bibliography, etc Includes bibliographical references.
650 #0 - SUBJECT ADDED ENTRY--TOPICAL TERM
Topical term or geographic name as entry element College readers.
-- 0000152057
650 #0 - SUBJECT ADDED ENTRY--TOPICAL TERM
Topical term or geographic name as entry element English language
General subdivision Rhetoric
-- Problems, exercises, etc.
-- 0000152058
650 #0 - SUBJECT ADDED ENTRY--TOPICAL TERM
Topical term or geographic name as entry element Report writing
General subdivision Problems, exercises, etc.
-- 0000152059
700 1# - ADDED ENTRY--PERSONAL NAME
Personal name Petrosky, Anthony.
-- 0000152060
908 ## - PUT COMMAND PARAMETER (RLIN)
Put command parameter 070417
950 ## - LOCAL HOLDINGS (RLIN)
-- 1
Holdings
Withdrawn status Lost status Source of classification or shelving scheme Not for loan Home library Current library Date acquired Total Checkouts Full call number Barcode Date last seen Date last checked out Price effective from Koha item type
    Library of Congress Classification   Kabarak, Main Campus Kabarak, Main Campus 17/12/2015 2 PE1417 .B37 1999 007982 24/03/2023 03/03/2023 17/12/2015 General Collection
Designed with assistance from East African Informatics Ltd